书目信息 |
| 题名: |
德国
|
|
| 作者: | 日本大宝石出版社 编 | |
| 分册: | ||
| 出版信息: | 北京 中国旅游出版社 1999.06 |
|
| 页数: | 443页 | |
| 开本: | 32开 | |
| 丛书名: | ||
| 单 册: | ||
| 中图分类: | K951.69 | |
| 科图分类: | ||
| 主题词: | 地理 | |
| 电子资源: | ||
| ISBN: | 7-5032-1443-0 | |
| 000 | 00571nam0 2200193 45 | |
| 001 | 0104171180 | |
| 005 | 20010417112635.3 | |
| 010 | @a7-5032-1443-0@d65.00元 | |
| 100 | @a20010417d1999 km y0chiy0120 ea | |
| 101 | 0 | @achi |
| 105 | @a z 000yy | |
| 200 | 1 | @a德国@ADe Guo@f日本大宝石出版社编;陆晚霞译@FRi Ben Da Bao Shi Chu Ban She Bian;Lu Wan Xia Yi |
| 210 | @a北京@c中国旅游出版社@d1999.06 | |
| 215 | @a443页@d32开 | |
| 606 | 0 | @a地理 |
| 690 | @aK951.69@v3 | |
| 701 | 0 | @a日本大宝石出版社@4编 |
| 801 | @aCN@bPftUser@c20010417 | |
| 905 | @b339017-018@dK951.69@eR:131@f2 | |
| 德国/日本大宝石出版社编;陆晚霞译.-北京:中国旅游出版社,1999.06 |
| 443页;32开 |
| ISBN 7-5032-1443-0:65.00元 |
| ● |
| 相关链接 |
|
|
|
正题名:德国
索取号:K951.69/R:131
 
预约/预借
| 序号 | 登录号 | 条形码 | 馆藏地/架位号 | 状态 | 备注 |
| 1 | 339017 | 203390179 | 社科库309/309社科库 27排4列6层/ [索取号:K951.69/R:131] | 在馆 | |
| 2 | 339018 | 203390188 | 社科库309/309社科库 27排4列6层/ [索取号:K951.69/R:131] | 在馆 |